Nhân giống cây ăn trái
Enregistré dans:
| Auteur principal: | |
|---|---|
| Format: | Livre |
| Langue: | Undetermined |
| Publié: |
TP.Hồ Chí Minh
Nông Nghiệp
1999
|
| Sujets: | |
| Tags: |
Ajouter un tag
Pas de tags, Soyez le premier à ajouter un tag!
|
| Thư viện lưu trữ: | Trung tâm Học liệu Trường Đại học Cần Thơ |
|---|
| LEADER | 00541nam a2200193Ia 4500 | ||
|---|---|---|---|
| 001 | CTU_37805 | ||
| 008 | 210402s9999 xx 000 0 und d | ||
| 020 | |b 3.500đ | ||
| 082 | |a 634.3 | ||
| 082 | |b H125 | ||
| 100 | |a Vũ Công Hậu | ||
| 245 | 0 | |a Nhân giống cây ăn trái | |
| 245 | 0 | |c Vũ Công Hậu | |
| 260 | |a TP.Hồ Chí Minh | ||
| 260 | |b Nông Nghiệp | ||
| 260 | |c 1999 | ||
| 650 | |a fruit trees,plant propagation | ||
| 904 | |i Minh, 000928 | ||
| 980 | |a Trung tâm Học liệu Trường Đại học Cần Thơ | ||